[Event "Skopje-ch"]
[Site "Skopje"]
[Date "2007.06.07"]
[Round "9"]
[White "Larrachea, Enrique"]
[Black "Vukelic, Zvonimir"]
[Result "1/2-1/2"]
[WhiteElo "2300"]
[BlackElo "2018"]
[PlyCount "69"]
[EventDate "2007.05.30"]
[EventType "swiss"]
[EventRounds "9"]
[EventCountry "MKD"]
[SourceTitle "EXT 2008"]
[Source "ChessBase"]
[SourceDate "2007.11.25"]
[SourceVersion "1"]
[SourceVersionDate "2007.11.25"]
[SourceQuality "1"]

1. d4 d5 2. Nf3 Nf6 3. c4 c6 4. g3 Bf5 5. Bg2 e6 6. cxd5 exd5 7. 0-0 Nbd7 8. Nc3 Be7 9. Bf4 0-0 10. Qb3 Qb6 11. Qxb6 Nxb6 12. Ne5 Nbd7 13. Rac1 Rfe8 14. a3 Nxe5 15. Bxe5 Nd7 16. Bf4 h6 17. f3 Bf6 18. Rfd1 Nb6 19. g4 Bd7 20. b3 Be7 21. a4 Bb4 22. Na2 Ba3 23. Rc2 a5 24. Nc1 Be6 25. Nd3 Nd7 26. Ra1 Bf8 27. Bd2 f5 28. h3 fxg4 29. hxg4 Bf7 30. Re1 Bg6 31. e4 dxe4 32. fxe4 Nf6 33. Ne5 Bh7 34. Bf1 Bd6 35. Bc4+ 1/2-1/2

[Event "Skopje-ch"]
[Site "Skopje"]
[Date "2007.06.06"]
[Round "8"]
[White "Miskoski, Misko"]
[Black "Larrachea, Enrique"]
[Result "1-0"]
[WhiteElo "2008"]
[BlackElo "2300"]
[PlyCount "108"]
[EventDate "2007.05.30"]
[EventType "swiss"]
[EventRounds "9"]
[EventCountry "MKD"]
[SourceTitle "EXT 2008"]
[Source "ChessBase"]
[SourceDate "2007.11.25"]
[SourceVersion "1"]
[SourceVersionDate "2007.11.25"]
[SourceQuality "1"]

1. d4 Nf6 2. c4 g6 3. Nc3 Bg7 4. e4 d6 5. f4 0-0 6. Nf3 c5 7. dxc5 Qa5 8. Bd3 Qxc5 9. Qe2 Nc6 10. Be3 Qa5 11. 0-0 Ng4 12. Bd2 Qh5 13. Qe1 Nd4 14. Qg3 Bf6 15. f5 Kh8 16. h3 Nxf3+ 17. Qxf3 Bd4+ 18. Kh1 gxf5 19. exf5 Rg8 20. Nd5 Nf6 21. Nxe7 Re8 22. Nd5 Qxf3 23. Rxf3 Nxd5 24. cxd5 f6 25. Rc1 Bb6 26. Bb4 Bd7 27. Bxd6 Rac8 28. Rff1 Bd4 29. b3 Bb2 30. Rxc8 Bxc8 31. Bf4 Bd7 32. g4 Kg7 33. d6 Bc6+ 34. Kh2 Ba3 35. Bc4 Re4 36. Be6 Rxf4 37. Rxf4 Bxd6 38. Kg3 h5 39. h4 Be8 40. g5 fxg5 41. hxg5 h4+ 42. Kf3 Bc6+ 43. Ke3 h3 44. f6+ Kg6 45. Bxh3 Kxg5 46. Rf1 Bc5+ 47. Kd2 Bb4+ 48. Kd1 Kg6 49. f7 Kg7 50. Be6 Bc5 51. Rf5 Bf8 52. a4 Be4 53. Rf4 Bg6 54. Ke2 Bd6 1-0

[Event "Skopje-ch"]
[Site "Skopje"]
[Date "2007.06.02"]
[Round "4"]
[White "Danchevski, Orce"]
[Black "Larrachea, Enrique"]
[Result "1-0"]
[WhiteElo "2419"]
[BlackElo "2300"]
[PlyCount "85"]
[EventDate "2007.05.30"]
[EventType "swiss"]
[EventRounds "9"]
[EventCountry "MKD"]
[SourceTitle "EXT 2008"]
[Source "ChessBase"]
[SourceDate "2007.11.25"]
[SourceVersion "1"]
[SourceVersionDate "2007.11.25"]
[SourceQuality "1"]

1. d4 Nf6 2. c4 g6 3. Nc3 Bg7 4. Nf3 d6 5. Bg5 0-0 6. e3 c6 7. Be2 Qa5 8. 0-0 Bg4 9. Bh4 Nbd7 10. h3 Bxf3 11. Bxf3 e5 12. Qd2 Rfe8 13. a3 Qc7 14. b4 a6 15. Rfd1 Nb6 16. Qa2 Nc8 17. Bg3 Nd7 18. Rac1 Qd8 19. b5 axb5 20. cxb5 d5 21. Nb1 exd4 22. bxc6 bxc6 23. Rxc6 dxe3 24. Bxd5 e2 25. Bxf7+ Kh8 26. Re1 Qa5 27. Rxe2 Rxe2 28. Qxe2 Qf5 29. Ba2 Ncb6 30. Re6 Rc8 31. Re8+ Nf8 32. Rxc8 Qxc8 33. Be5 Qc1+ 34. Kh2 Nfd7 35. Bxg7+ Kxg7 36. Qe7+ Kh6 37. Qe3+ Qxe3 38. fxe3 Nc5 39. Nc3 Kg5 40. Kg3 Kf5 41. Kf3 h6 42. Bb1+ Ke6 43. h4 1-0

[Event "Santiago op"]
[Site "Santiago de Chile"]
[Date "1992.??.??"]
[Round "7"]
[White "Godoy Bugueno, David A"]
[Black "Larrachea, Enrique"]
[Result "1-0"]
[WhiteElo "2315"]
[BlackElo "2275"]
[PlyCount "99"]
[EventDate "1992.??.??"]
[EventType "swiss"]
[EventRounds "9"]
[EventCountry "CHI"]
[SourceTitle "EXT 1998"]
[Source "ChessBase"]
[SourceDate "1997.11.17"]
[SourceVersion "1"]
[SourceVersionDate "1997.11.17"]
[SourceQuality "1"]

1. e4 e5 2. Nf3 Nc6 3. Bc4 Nf6 4. d3 Be7 5. 0-0 0-0 6. Re1 d6 7. c3 Na5 8. Bb5 a6 9. Ba4 b5 10. Bc2 c5 11. Nbd2 Re8 12. Nf1 Bf8 13. Bg5 g6 14. h3 Bg7 15. Ne3 h6 16. Bh4 Nc6 17. a4 Rb8 18. axb5 axb5 19. Bb3 g5 20. Bg3 Ne7 21. h4 g4 22. Nh2 h5 23. f3 c4 24. Bc2 Be6 25. fxg4 hxg4 26. Nhxg4 Nxg4 27. Nxg4 f5 28. Nh2 f4 29. Bf2 Rb7 30. d4 Ng6 31. Qh5 Kf7 32. Nf3 Rh8 33. Ng5+ Qxg5 34. Qxg5 Bf6 35. Qf5 Nxh4 36. dxe5 Bxf5 37. exf6 Bg4 38. e5 dxe5 39. Rxe5 Nf3+ 40. gxf3 Bxf3 41. Bd4 Rh1+ 42. Kf2 Rxa1 43. Kxf3 Rf1+ 44. Ke2 Rh1 45. Be4 Rh2+ 46. Kf3 Rc7 47. Rg5 Ke6 48. Rxb5 Rh3+ 49. Kg4 Rh8 50. Rb6+ 1-0